| 000 | 00377nam a2200145Ia 4500 | ||
|---|---|---|---|
| 003 | GCL | ||
| 008 | 140319s9999 xx 000 0 eng d | ||
| 040 |
_aGCL / _cGCL |
||
| 082 | 0 | 4 |
_a621.3192 _bB I |
| 245 | 1 | 0 | _aINTRODUCTORY CIRCUT ANALYSIS,7th ED |
| 260 |
_a[S.N] : _bMACMILLAN PUBLISHING COMPANY ، _c1994 |
||
| 300 | _a1114 P | ||
| 650 | 0 | 4 | _aCIRCUIT DESIGN |
| 942 |
_2ddc _cBK |
||
| 999 |
_c17737 _d17737 |
||